Phê bình bình luận văn học

Na minha lista:
Detalhes bibliográficos
Outros Autores: Vũ Tiến Quỳnh (Tuyển chọn)
Formato: Livro
Idioma:Vietnamese
Publicado em: Tp. Hồ Chí Minh Văn nghệ TP Hồ Chí Minh 1998
Assuntos:
Tags: Adicionar Tag
Sem tags, seja o primeiro a adicionar uma tag!
Thư viện lưu trữ: Mạng thư viện Đại học Đà Nẵng
LEADER 01013nam a2200313 4500
001 000014265
003 10625
005 20120426070426.0
008 120425s1998 viesd
020 |c 0đ 
041 0 |a vie 
082 |a 895.92209  |b Phê 
245 0 |a Phê bình bình luận văn học  |c Vũ Tiến Quỳnh 
260 |a Tp. Hồ Chí Minh  |b Văn nghệ TP Hồ Chí Minh  |c 1998 
300 |a 260tr.  |c 19 cm 
653 |a Phê bình 
653 |a Bình luận 
653 |a Văn học 
700 |a Vũ Tiến Quỳnh  |e Tuyển chọn 
OWN |a LSP 
AVA |a UDN50  |b LSP  |d 895.92209 Phê  |e available  |t Error 5001 Not defined in file expand_doc_bib_avail.  |f 3  |g 0  |h N  |i 0  |k 1 
999 |a From the UDN01 
AVA |a UDN50  |b LSP  |d 895.92209 Phê  |e available  |t Error 5001 Not defined in file expand_doc_bib_avail.  |f 3  |g 0  |h N  |i 0  |k 1 
TYP |a Monograph 
TYP |a Printed language 
980 |a Mạng thư viện Đại học Đà Nẵng